[Event "Cuiaba Contaud op"]
[Site "Cuiaba"]
[Date "2023.11.02"]
[Round "1"]
[White "Da Silva, Fabio Lima"]
[Black "Lindote, Jose Armando Leite"]
[Result "0-1"]
[WhiteElo "1696"]
[BlackElo "1800"]
[PlyCount "77"]
[EventDate "2023.11.02"]
[EventType "swiss"]
[EventRounds "7"]
[EventCountry "BRA"]
[SourceTitle "CB46_2023"]
[SourceDate "2023.11.15"]
[SourceVersion "1"]
[SourceVersionDate "2023.11.15"]
[SourceQuality "1"]

1. d4 Nf6 2. c4 e6 3. Nc3 Bb4 4. Bd2 c5 5. Nf3 d6 6. e3 Nc6 7. Be2 0-0 8. 0-0 b6 9. a3 Bxc3 10. Bxc3 Ne4 11. Be1 Bb7 12. Qd3 Ne7 13. Nd2 f5 14. f3 Nf6 15. Rd1 Qc7 16. Bg3 Nh5 17. Bf2 Rad8 18. e4 e5 19. d5 f4 20. Kh1 Ng6 21. b4 Qe7 22. bxc5 bxc5 23. Rb1 Bc8 24. Rg1 Qg5 25. Nf1 Qh6 26. g4 fxg3 27. Nxg3 Nhf4 28. Be3 Qh4 29. Qd2 Nh3 30. Bf1 Nxg1 31. Bg5 Nxf3 32. Bxh4 Nxd2 33. Bxd8 Nxb1 34. Bc7 Nd2 35. Be2 Nf4 36. Bxd6 Nxe2 37. Nxe2 Bh3 38. Bxe5 Rf1+ 39. Ng1 0-1